Sentencias Arbitrales: Evolución contractual en la jurisprudencia arbitral 2005 - 2009.
Enregistré dans:
| Format: | Livre |
|---|---|
| Publié: |
Santiago, Chile:
Cámara de Comercio de Santiago, Centro de Arbitraje y Mediación,
2010.
|
| Édition: | Primera edición. |
| Sujets: | |
| Tags: |
Ajouter un tag
Pas de tags, Soyez le premier à ajouter un tag!
|
MARC
| LEADER | 00000nam a22000007a 4500 | ||
|---|---|---|---|
| 003 | CL-VaPUC | ||
| 005 | 20240828145559.0 | ||
| 008 | 231026t2010 ||||| |||| 00| 0 eng d | ||
| 999 | |c 442193 |d 442191 | ||
| 020 | |a 978-956-8126-07-0 | ||
| 040 | |c Pontificia Universidad Católica de Valparaíso | ||
| 082 | 0 | 4 | |2 21 |a 347.83077 SEN 2010 |
| 245 | 1 | 0 | |a Sentencias Arbitrales: Evolución contractual en la jurisprudencia arbitral 2005 - 2009. |
| 250 | |a Primera edición. | ||
| 260 | |a Santiago, Chile: |b Cámara de Comercio de Santiago, Centro de Arbitraje y Mediación, |c 2010. | ||
| 300 | |a tomo V; 678 páginas. | ||
| 500 | |a c.1 Donación Jorge López Santa María. Memo N° 40. 2023 | ||
| 583 | |c 20231026 |k Catalogador Asistente | ||
| 650 | 1 | |a Sentencias arbitrales |y 2005 - 2009 |9 885518 | |
| 650 | 1 | |a Derecho procesal penal |z Chile |9 868814 | |
| 650 | 1 | 0 | |a Procedimiento civil |x Chile |9 885519 |
| 942 | |2 ddc |c BK | ||
| 952 | |0 0 |1 0 |2 ddc |4 0 |6 347_830770000000000_SEN_2010 |7 0 |8 A |9 592140 |a BIBDER |b BIBDER |d 2023-10-26 |e Donación |h t.V |i 5659162 |o 347.83077 SEN 2010 |p 5659162 |r 2023-10-26 |t 1 |w 2023-10-26 |y BK |k DER | ||